000 004810000a22001930004500
005 20120302060057.0
942 _cBOOK
100 _a Dwivedi,Hajaariprasad
245 _a Naatha Sampradaaya
260 _aVaranasi:Nivedya Niketan
490 _aHajaari Prasaad Dwivedi Granthamaalaa-6
040 _aHIN
365 _b11/-
650 _aDharmika Grantha
650 _aNaatha Sampradaaya
650 _aMatsyendranatha
650 _aPaatanjal Yoga
650 _aGorakshanatha
999 _c350170
_d350167